MARC details
| 000 -CABECERA |
| campo de control de longitud fija |
02535nam a2200349 i 4500 |
| 003 - IDENTIFICADOR DEL NÚMERO DE CONTROL |
| campo de control |
DO-SdBNP |
| 005 - FECHA Y HORA DE LA ÚLTIMA TRANSACCIÓN |
| campo de control |
20250528110027.0 |
| 007 - CAMPO FIJO DE DESCRIPCIÓN FÍSICA--INFORMACIÓN GENERAL |
| campo de control de longitud fija |
ta |
| 008 - DATOS DE LONGITUD FIJA--INFORMACIÓN GENERAL |
| campo de control de longitud fija |
250528b2024 dr a|||| |||| 00| p spa d |
| 020 ## - NÚMERO INTERNACIONAL ESTÁNDAR DEL LIBRO |
| Número Internacional Estándar del Libro |
9789945639438 |
| 040 ## - FUENTE DE LA CATALOGACIÓN |
| Centro catalogador/agencia de origen |
DO-SdBNP |
| Lengua de catalogación |
spa |
| Centro/agencia transcriptor |
BNPHU |
| Normas de descripción |
rda |
| 041 ## - CÓDIGO DE LENGUA |
| Código de lengua del texto/banda sonora o título independiente |
spa |
| 082 #4 - NÚMERO DE LA CLASIFICACIÓN DECIMAL DEWEY |
| Número de clasificación |
RD861.42 |
| Número de documento/Ítem |
W373a 2024 |
| Número de edición |
22 |
| 100 ## - ENTRADA PRINCIPAL--NOMBRE DE PERSONA |
| Nombre de persona |
Weber, Delia, |
| Fechas asociadas al nombre |
1900-1982 |
| Código de función/relación |
autor |
| 9 (RLIN) |
24257 |
| Término indicativo de función/relación |
aut. |
| 245 10 - MENCIÓN DE TÍTULO |
| Título |
Ascuas vivas : |
| Resto del título |
poemario / |
| Mención de responsabilidad, etc. |
Delia Weber ; prólogo Miguel D. Mena ; dirección general por Nurys del Carmen González ; dirección editorial por Miguelina Crespo ; consultora editorial Emilia Pereyra ; línea gráfica Ana Zadya Gerardino ; diseño de interiores y portada Julissa Ivor Medina ; diagramación Daniel Bisonó ; corrección por Vivian Jiménez |
| 264 ## - PRODUCCIÓN, PUBLICACIÓN, DISTRIBUCIÓN, FABRICACIÓN Y COPYRIGHT |
| Producción, publicación, distribución, fabricación y copyright |
Santo Domingo : |
| Nombre del de productor, editor, distribuidor, fabricante |
Instituto Superior de Formación Docente Salomé Ureña (ISFODOSU), |
| Fecha de producción, publicación, distribución, fabricación o copyright |
2024. |
| 300 ## - DESCRIPCIÓN FÍSICA |
| Extensión |
90 páginas : |
| Otras características físicas |
ilustraciones ; |
| Dimensiones |
23 cm. |
| 336 ## - TIPO DE CONTENIDO |
| Término de tipo de contenido |
texto |
| Código de tipo de contenido |
txt |
| Fuente |
rdacontent |
| 337 ## - TIPO DE MEDIO |
| Nombre/término del tipo de medio |
sin mediación |
| Código del tipo de medio |
n |
| Fuente |
rdamedia |
| 338 ## - TIPO DE SOPORTE |
| Nombre/término del tipo de soporte |
volumen |
| Código del tipo de soporte |
nc |
| Fuente |
rdacarrier |
| 440 ## - MENCIÓN DE SERIE/PUNTO DE ACCESO ADICIONAL--TÍTULO |
| Título |
|
| 490 0# - MENCIÓN DE SERIE |
| Mención de serie |
Colección clásicos dominicanos |
| 490 0# - MENCIÓN DE SERIE |
| Mención de serie |
Serie III. Poesía |
| 500 ## - NOTA GENERAL |
| Nota general |
Incluye datos biográficos de la autora en la páginas 89-90 |
| 505 ## - NOTA DE CONTENIDO CON FORMATO |
| Nota de contenido con formato |
Presentación 9 -- Prólogo 11 -- Poemas: Herencia 21 -- Sed 22 -- Deja el encanto abierto 23 -- Gardenia 24 -- Quiero 25 -- Luz nueva 26 -- Deseo ignoto 27 -- Unión 28 -- Gracias, Señor 29 -- Llegué cuando te ibas 30 -- Sé un rayo de luz 31 -- Reencarnación 32 -- Madrugada 33 -- Las hermanas 34 -- Mis espigas 37 -- Piedad 39 -- Quiere 40 -- Flores caídas 41 -- Mutismo 42 -- Llené mi barca 44 -- Calla 45 -- Cenizas 46 -- Tu ley 47 -- Despedida 48 -- Silencio 49 -- Lo eterno 50 -- Revelación 51 -- Ojos 52 -- Mi orgullo 53 -- Desde mi ventana 54 -- Liberación 55 -- Voz 56 -- Me voy aprisa 57 -- Ofrenda 58 -- Comentario 60 -- Fue como el mar 61 -- Nada 62 -- Dos almas 63 -- Voz errante 66 -- Dádiva 67 -- Olvídame 68 -- Deudor 69 -- Expresión 70 -- Desconocimiento 71 -- Vida 72 -- Mar adentro 73 -- Quiero besarte los ojos 74 -- A mi madre 76 -- Llueve 77 -- Voces 78 -- La cita 80 -- ¿Por qué…? 82 -- Sola 83 -- Fénix 84 -- Sonámbula 85 -- Son tuyos 86 -- En el umbral 87 -- Biografía de Delia Weber 89 |
| 590 ## - NOTA LOCAL (RLIN) |
| Nota local |
Inventariado, 2025 /LP |
| 650 #7 - PUNTO DE ACCESO ADICIONAL DE MATERIA--TÉRMINO DE MATERIA |
| Fuente del encabezamiento o término |
LEMB |
| Término de materia o nombre geográfico como elemento de entrada |
Poesía dominicana |
| 650 #7 - PUNTO DE ACCESO ADICIONAL DE MATERIA--TÉRMINO DE MATERIA |
| Fuente del encabezamiento o término |
LEMB |
| Término de materia o nombre geográfico como elemento de entrada |
Literatura dominicana |
| 700 1# - PUNTO DE ACCESO ADICIONAL--NOMBRE DE PERSONA |
| Nombre de persona |
Mena Miguel de, |
| Fechas asociadas al nombre |
1961- |
| Término indicativo de función/relación |
prologuista |
| Código de función/relación |
pr. |
| 9 (RLIN) |
87894 |
| 910 ## - DATOS DE OPCIÓN DEL USUARIO (OCLC) |
| Datos de opción del usuario |
LP |
| 942 ## - ELEMENTOS DE PUNTO DE ACCESO ADICIONAL (KOHA) |
| Fuente del sistema de clasificación o colocación |
Dewey Decimal Classification |
| Tipo de ítem Koha |
Libro |